[Event "Troll Masters"]
[Site "Gausdal NOR"]
[Date "2000.01.15"]
[Round "8"]
[White "Lobzhanidze,D"]
[Black "Bellin,R"]
[Result "1/2-1/2"]
[WhiteElo "2444"]
[BlackElo "2351"]

1.e4 c5 2.Nf3 d6 3.d4 Nf6 4.Nc3 cxd4 5.Nxd4 Nc6 6.Bg5 e6 7.Qd2 a6 8.O-O-O h6
9.Be3 Bd7 10.f3 b5 11.Nxc6 Bxc6 12.Qf2 Qc7 13.Kb1 Nd7 14.Bd3 Rc8 15.Rhe1 Be7
16.Bd4 O-O 17.g4 Qd8 18.Rg1 Bh4 19.Qd2 Ne5 20.Rdf1 b4 21.Ne2 Nxd3 22.cxd3 e5
23.Be3 d5 24.exd5 Qxd5 25.Nc1 Bb5 26.g5 hxg5 27.Bxg5 Bxg5 28.Qxg5 g6 29.Rd1 Qxf3
30.Qxe5 Rfd8 31.d4 Rd5 32.Qe7 a5 33.h4 Qf5+ 34.Ka1 Qc2 35.Qe3 a4 36.Nd3 Re8
37.Nxb4 Qxd1+ 38.Rxd1 Rxe3 39.Nxd5 Rh3 40.Nc3 Bd7 41.a3 Rxh4 42.b4 axb3 43.Kb2 Kf8
44.a4 Ke7 45.Kxb3 Kd6 46.a5 Rh8 47.Ne4+ Kd5 48.Nf6+ Ke6 49.Nxd7 Kxd7 50.Kc4 Kd6
51.Rb1 Rc8+ 52.Kd3 Rc6 53.Ra1 Ra6 54.Kc4 Ke6 55.d5+ Kd6 56.Kb5 Ra8 57.Rf1 f5
58.Rg1 Ke5 59.Rxg6  1/2-1/2

[Event "V Ubeda Open"]
[Site "Ubeda ESP"]
[Date "2000.01.19"]
[Round "10"]
[White "Hagesaether,H"]
[Black "Fernandez Romero,Ern"]
[Result "1-0"]
[WhiteElo "2215"]
[BlackElo "2285"]

1.e4 c5 2.Nf3 Nc6 3.d4 cxd4 4.Nxd4 Nf6 5.Nc3 d6 6.Bg5 e6 7.Bb5 Bd7 8.Bxc6 bxc6
9.Qf3 h6 10.Bh4 Qb6 11.Nb3 Be7 12.e5 dxe5 13.Bxf6 gxf6 14.O-O-O f5 15.g4 O-O-O
16.a4 Rhg8 17.h3 Kb8 18.Qe2 e4 19.a5 Qc7 20.Qc4 Bc8 21.Kb1 Rxd1+ 22.Rxd1 fxg4
23.hxg4 Rxg4 24.f3 Rg5 25.Nxe4 Rd5 26.Rg1 f5 27.Nc3 h5 28.Rg7 Re5 29.Nd4 Re1+
30.Ka2 c5 31.Rxe7 Qxa5+ 32.Na4 cxd4 33.Re8 Qc7 34.Qb4+ Ka8 35.Qxe1 Qc6 36.Rh8 Qxa4+
37.Kb1 Qc6 38.f4 Qc4 39.b3 Qc6 40.Qf1 Kb8 41.Rxh5 a5 42.Rh7 a4 43.Qe1 axb3
44.Qb4+ Bb7 45.Qxb3 Qe4 46.Qb6 Qe1+ 47.Ka2  1-0

[Event "V Ubeda Open"]
[Site "Ubeda ESP"]
[Date "2000.01.19"]
[Round "10"]
[White "Stocek,J"]
[Black "Zvjaginsev,V"]
[Result "1/2-1/2"]
[WhiteElo "2496"]
[BlackElo "2641"]

1.e4 c5 2.Nf3 d6 3.d4 cxd4 4.Nxd4 Nf6 5.Nc3 Nc6 6.Bg5 e6 7.Qd3 Be7 8.O-O-O O-O
9.Kb1 a6 10.f4 Bd7 11.Be2 Qc7 12.Qg3 Rfc8 13.e5 dxe5 14.fxe5 Nxe5 15.Bf4 Bd6
16.Bf3 Nc4 17.Bxd6 Nxd6 18.Nxe6 Bxe6 19.Rxd6 Rab8 20.Rhd1 h6 21.R6d4 Qxg3
22.hxg3 b5 23.Nd5 Nxd5 24.Bxd5 Bxd5 25.Rxd5 Rb6 26.Kc1 Rf6 27.Rd6 Rf2 28.R1d2 Rf1+
29.Rd1 Rf2 30.R1d2 Rf1+ 31.Rd1  1/2-1/2

[Event "Corus Reserve Group"]
[Site "Wijk aan Zee NED"]
[Date "2000.01.21"]
[Round "1"]
[White "Floor,D"]
[Black "Kalinin,Al"]
[Result "1/2-1/2"]
[WhiteElo "2278"]
[BlackElo "2422"]

1.e4 c5 2.Nf3 d6 3.d4 cxd4 4.Nxd4 Nf6 5.Nc3 Nc6 6.Bg5 e6 7.Qd2 h6 8.Bxf6 gxf6
9.O-O-O a6 10.f4 Bd7 11.Kb1 Qb6 12.Nf3 O-O-O 13.Bc4 Kb8 14.f5 Qc5 15.Bb3 Na5
16.Qe2 Nxb3 17.axb3 Be7 18.Rd3 h5 19.g3 b5 20.Rhd1 Bc8 21.Nd4 h4 22.b4 Qb6
23.g4 Bd7 24.Qf3 Rhg8 25.Nce2 Qb7 26.Nf4 e5 27.Nd5 exd4 28.Nxe7 Bc6 29.Nxc6+ Qxc6
30.Rxd4 Rge8 31.Qf4 Re5 32.Qh6 Rxe4 33.Qxf6 Rc8 34.c3 Rxd4 35.Qxd4 Re8 36.h3 Re2
37.g5 Kb7 38.Qxd6 Qe4+ 39.Qd3 Qxd3+ 40.Rxd3 Rg2 41.Rd7+ Kc6 42.Rxf7 Rxg5
43.f6 Rf5 44.Rf8 Kd5 45.b3 Rf3 46.Kc2 Rxh3 47.Ra8 Rf3 48.Rxa6 h3 49.f7 Rxf7
50.Rh6 Rf2+ 51.Kd3 Rf3+ 52.Kd2 Rg3  1/2-1/2

[Event "Corus Reserve Group"]
[Site "Wijk aan Zee NED"]
[Date "2000.01.22"]
[Round "2"]
[White "Stojanovski,D"]
[Black "Van der Weide,K"]
[Result "1-0"]
[WhiteElo "2279"]
[BlackElo "2452"]

1.e4 c5 2.Nf3 Nc6 3.d4 cxd4 4.Nxd4 Nf6 5.Nc3 d6 6.Bg5 e6 7.Qd3 Be7 8.O-O-O O-O
9.Qg3 Nxd4 10.Rxd4 Qa5 11.Ra4 Qc7 12.Rc4 Qa5 13.Ra4 Qd8 14.Be2 Nh5 15.Bxe7 Nxg3
16.Bxd8 Nxe2+ 17.Nxe2 Rxd8 18.Rd4 Kf8 19.Rhd1 Ke7 20.e5 d5 21.c4 b6 22.cxd5 Rxd5
23.Rxd5 exd5 24.Nd4 f6 25.Re1 g6 26.exf6+ Kxf6 27.Re8 Bb7 28.Rxa8 Bxa8 29.Kd2 Ke5
30.Ke3 Bb7 31.f4+ Kd6 32.b4 a5 33.a3 axb4 34.axb4 Ba6 35.g4 Bf1 36.Kf3 Bd3
37.Kg3 Ke7 38.g5 Kd6 39.h4 Ba6 40.h5 Bc8 41.h6 Bd7 42.Kf3 Be8 43.Ke3 Bf7
44.Nf3 Ke6 45.Ne5 Bg8 46.Ng4 Kf5 47.Nf6 d4+ 48.Kxd4 Kxf4 49.Nxg8 Kxg5 50.Ke5 b5
51.Ke6  1-0

[Event "ch-BRA"]
[Site "Brasilia BRA"]
[Date "2000.01.23"]
[Round "5"]
[White "Benares,R"]
[Black "Disconzi da Silva,R"]
[Result "0-1"]
[WhiteElo "2236"]
[BlackElo "2365"]

1.e4 c5 2.Nf3 d6 3.d4 cxd4 4.Nxd4 Nf6 5.Nc3 Nc6 6.Bg5 e6 7.Qd2 Be7 8.O-O-O O-O
9.f4 h6 10.Bh4 e5 11.Nb3 Nxe4 12.Nxe4 Bxh4 13.Qxd6 Qxd6 14.Nxd6 Bg4 15.Rd5 exf4
16.Nxb7 Ne7 17.Ra5 Bf2 18.Bd3 Bb6 19.Re5 Be3+ 20.Kb1 Nc6 21.Re4 Be6 22.Ra4 f5
23.Re1 Ne5 24.Ba6 Bd5 25.g3 Bc6 26.Rb4 Nf3 27.Re2 g5 28.gxf4 gxf4 29.Rc4 Bd5
30.Rc7 Rae8 31.Rd7 Be6 32.Rd6 Kh7 33.c4 Rg8 34.c5 Bxb3 35.axb3 Nd4 36.Re1 f3
37.c6 f2 38.Rf1 Rg7 39.Na5 Ree7 40.Bd3 Kg8 41.Nc4 f4 42.Rd8+ Kf7 43.Nd6+ Ke6
44.Ne8 Nxc6 45.Bc4+  0-1

[Event "Corus Reserve Group"]
[Site "Wijk aan Zee NED"]
[Date "2000.01.23"]
[Round "3"]
[White "Van Blitterswijk,S"]
[Black "Van den Berg,AMJ"]
[Result "1/2-1/2"]
[WhiteElo "2308"]
[BlackElo "2209"]

1.e4 c5 2.Nf3 Nc6 3.d4 cxd4 4.Nxd4 Nf6 5.Nc3 d6 6.Bg5 e6 7.Qd2 a6 8.O-O-O Bd7
9.f4 h6 10.Bh4 Nxe4 11.Qe1 Nf6 12.Nf5 Qa5 13.Nxd6+ Bxd6 14.Rxd6 O-O-O 15.Qd2 Ne7  1/2-1/2

[Event "Corus Reserve Group"]
[Site "Wijk aan Zee NED"]
[Date "2000.01.25"]
[Round "5"]
[White "Barendse,T"]
[Black "Burlage,P"]
[Result "1/2-1/2"]
[WhiteElo "2198"]
[BlackElo "2232"]

1.e4 c5 2.Nf3 Nc6 3.d4 cxd4 4.Nxd4 Nf6 5.Nc3 d6 6.Bg5 e6 7.Qd3 a6 8.O-O-O Bd7
9.f4 b5 10.Be2 b4 11.Nxc6 Bxc6 12.e5 bxc3 13.Qxc3 Bxg2 14.exf6 g6 15.Rhe1 Qb6
16.Bg4 Kd7 17.Bxe6+ fxe6 18.f7 h6 19.f5 gxf5 20.Be3 Qc6 21.Qxh8 Rc8 22.Rd2 Be4
23.Ree2 e5 24.Bxh6 Bxc2 25.Rxc2 Qh1+ 26.Kd2 Qd5+ 27.Kc1 Qh1+ 28.Kd2 Qd5+
29.Kc1  1/2-1/2

[Event "Perenyi Mem"]
[Site "Gyula HUN"]
[Date "2000.01.31"]
[Round "8"]
[White "Groszpeter,A"]
[Black "Wang Rui"]
[Result "0-1"]
[WhiteElo "2470"]
[BlackElo "2496"]

1.e4 c5 2.Nf3 Nc6 3.d4 cxd4 4.Nxd4 Nf6 5.Nc3 d6 6.Bg5 e6 7.Qd2 a6 8.O-O-O h6
9.Nxc6 bxc6 10.Bf4 d5 11.Qe3 Be7 12.h4 Qa5 13.Be2 Qc5 14.Qg3 d4 15.Na4 Qb4
16.b3 Bd7 17.Bf3 a5 18.Bd2 Qb7 19.Kb1 g6 20.Bf4 c5 21.Be5 Bxa4 22.Bxf6 Bxf6
23.e5 Bc6 24.exf6 a4 25.Qd6 Rc8 26.Rh3 Bxf3 27.Rxf3 Rc6 28.Qf4 Ra6 29.Qe5 Qa7
30.b4 Rc6 31.c4 cxb4 32.Rg3 O-O 33.h5 Rc5 34.Qxd4 g5 35.f4 Qc7 36.fxg5 Rxc4
37.gxh6+ Kh8 38.Qf2 Rc8 39.Qe3 Rc3  0-1

[Event "2nd Novak Nikolic mem"]
[Site "Belgrade YUG"]
[Date "2000.02.02"]
[Round "1"]
[White "Govedarica,R"]
[Black "Sherbakov,R"]
[Result "1/2-1/2"]
[WhiteElo "2483"]
[BlackElo "2552"]

1.e4 c5 2.Nf3 Nc6 3.d4 cxd4 4.Nxd4 Nf6 5.Nc3 d6 6.Bg5 e6 7.Qd2 Be7 8.O-O-O O-O
9.f4 Nxd4 10.Qxd4 Qa5 11.Bc4 Bd7 12.e5 dxe5 13.Qxe5 Qb6 14.Qe2 Bc6 15.Rhe1 Rfe8
16.Rd3 h6 17.Bh4 Qb4 18.Re3 b5 19.Bxb5 Rab8 20.a3 Bxb5 21.axb4 Bxe2 22.R3xe2 Rxb4  1/2-1/2

[Event "2nd Novak Nikolic mem"]
[Site "Belgrade YUG"]
[Date "2000.02.05"]
[Round "3"]
[White "Govedarica,R"]
[Black "Solak,D"]
[Result "0-1"]
[WhiteElo "2483"]
[BlackElo "2515"]

1.e4 c5 2.Nf3 d6 3.d4 cxd4 4.Nxd4 Nf6 5.Nc3 Nc6 6.Bg5 e6 7.Qd2 a6 8.O-O-O h6
9.Be3 Be7 10.Be2 Bd7 11.f4 Qc7 12.Kb1 Na5 13.Rhf1 b5 14.a3 Rc8 15.e5 dxe5
16.fxe5 Qxe5 17.Rxf6 Bxf6 18.Nb3 Qc7 19.Nxa5 O-O 20.Ne4 Be7 21.b4 Rfd8 22.Nc5 Be8
23.Qc1 Qxh2 24.Bf3 Rxd1 25.Qxd1 Rd8 26.Qc1 Qe5 27.Nab3 g5 28.c3 Qg3 29.Ne4 Qc7
30.Nbc5 Bc6 31.Kb2 g4 32.Bxg4 Bxe4 33.Nxe4 f5 34.Bh3 fxe4 35.Bxe6+ Kh7 36.Bf5+ Kg8
37.Bxe4 Bf6 38.Bxh6 Qe5 39.Bb1 Qe2+ 40.Qc2 Bxc3+ 41.Ka2 Qc4+ 42.Qb3 Rd1 43.Be3 Re1
44.Qxc4+ bxc4  0-1

[Event "FSIMA January"]
[Site "Budapest HUN"]
[Date "2000.02.05"]
[Round "1"]
[White "Gara,A"]
[Black "Dembo,Y"]
[Result "0-1"]
[WhiteElo "2257"]
[BlackElo "2269"]

1.e4 c5 2.Nf3 Nc6 3.d4 cxd4 4.Nxd4 Nf6 5.Nc3 d6 6.Bg5 e6 7.Qd2 Be7 8.O-O-O O-O
9.f4 Nxd4 10.Qxd4 Qa5 11.Kb1 Rd8 12.Bc4 h6 13.Bh4 Qh5 14.Bg3 Bd7 15.Rhf1 Qc5
16.Qd3 b5 17.Bxb5 Bxb5 18.Qxb5 Qxb5 19.Nxb5 Nxe4 20.Rfe1 Nxg3 21.hxg3 a6
22.Nd4 Bf6 23.Nc6 Rd7 24.Re4 Rb7 25.b3 d5 26.Re2 Rc8 27.Nd4 Rc3 28.f5 e5
29.Nf3 e4 30.Nh2 Rb5 31.Nf1 d4 32.Rxe4 Rxf5 33.Rf4 Rfc5 34.Rf2 Kh7 35.g4 Be5
36.Rdd2 Kg6 37.Rf5 f6 38.Rh5 Kf7 39.Rh3 Ke6 40.Re2 Rxh3 41.gxh3 Rc3 42.Re1 Rxh3
43.Nd2 Kd5 44.a4 Rg3 45.a5 Rxg4 46.b4 Kc6 47.Nc4 Kb5 48.Nxe5 fxe5 49.Rxe5+ Kxb4
50.Rd5 g6 51.Kc1 h5 52.Kd2 h4 53.Re5 h3 54.Re1 Kxa5  0-1

[Event "Wydra mem rapidplay"]
[Site "Haifa ISR"]
[Date "2000.02.05"]
[Round "11"]
[White "Greenfeld,A"]
[Black "Avrukh,B"]
[Result "0-1"]
[WhiteElo "2563"]
[BlackElo "2620"]

1.Nf3 c5 2.e4 d6 3.d4 cxd4 4.Nxd4 Nf6 5.Nc3 Nc6 6.Bg5 e6 7.Qd2 Qb6 8.Nb3 a6
9.O-O-O Be7 10.f3 O-O 11.g4 Qc7 12.h4 b5 13.h5 Ne5 14.Nd4 b4 15.Nce2 Nc4
16.Qe1 Qa5 17.Kb1 Qxg5 18.Nf5 exf5 19.f4 Qxg4 20.Rg1 Qf3 21.Rg3 Qxh5 22.Rh3 Qg6
23.Rg3 Ng4 24.Nd4 Bh4 25.Bxc4 Bxg3 26.Qxg3 Ne5  0-1

[Event "5th HIT Open"]
[Site "Nova Gorica SLO"]
[Date "2000.02.05"]
[Round "5"]
[White "Luther,T"]
[Black "Kozul,Z"]
[Result "1-0"]
[WhiteElo "2509"]
[BlackElo "2597"]

1.e4 c5 2.Nf3 Nc6 3.d4 cxd4 4.Nxd4 Nf6 5.Nc3 d6 6.Bg5 e6 7.Qd2 a6 8.O-O-O Bd7
9.f3 Rc8 10.Nxc6 Bxc6 11.Kb1 Be7 12.h4 b5 13.Bd3 O-O 14.Ne2 Nd7 15.Ng3 Nc5
16.Be2 f6 17.Bf4 Nb7 18.Nf1 Qb6 19.Ne3 Rfd8 20.Rhe1 Be8 21.g4 d5 22.exd5 Nc5
23.Bf1 Bf8 24.g5 e5 25.Bg3 Na4 26.gxf6 Qxf6 27.Bh3 Bh5 28.Bxc8 Rxc8 29.d6 Bxf3
30.d7 Rd8 31.Nd5 Qf5 32.Qg5 Bxd5 33.Qxd8  1-0

[Event "FSIMB January"]
[Site "Budapest HUN"]
[Date "2000.02.06"]
[Round "2"]
[White "Antal,Ge"]
[Black "Seres,L"]
[Result "1/2-1/2"]
[WhiteElo "2339"]
[BlackElo "2394"]

1.e4 c5 2.Nf3 Nc6 3.d4 cxd4 4.Nxd4 Nf6 5.Nc3 d6 6.Bg5 e6 7.Qd2 a6 8.O-O-O Bd7
9.f4 h6 10.Bh4 g5 11.fxg5 Ng4 12.Be2 Nge5 13.Nf3 Be7 14.Rhg1 Rc8 15.Kb1 b5
16.Rdf1 b4 17.Nd1 a5 18.Bg3 hxg5 19.Nxe5 Nxe5 20.Bxe5 dxe5 21.Ne3 Bc6 22.Bd3 Qd4
23.Rd1 Rxh2 24.Rgf1 Rh7 25.Ng4 Rd8 26.Qe2 Qc5 27.Qe1 f5 28.exf5 e4 29.f6 exd3
30.cxd3 Bd6 31.Rc1 Qd5 32.Rxc6 Qxc6 33.Qxe6+ Kf8 34.Ne5 Qe8 35.Qf5 Bxe5 36.Qxh7 Qd7
37.Qh6+ Kf7 38.Qh5+ Ke6 39.Qg4+ Kf7 40.Qh5+ Ke6 41.Qg4+ Kd6 42.Qxg5 Qb5 43.Qg6 Rg8
44.f7+ Rxg6 45.f8=Q+ Kd5 46.Qf3+ Kd6 47.Qf8+ Kd5 48.Qf3+  1/2-1/2

[Event "Goodricke Open"]
[Site "Calcutta IND"]
[Date "2000.02.07"]
[Round "2"]
[White "Sharma,D"]
[Black "Bakre,T"]
[Result "0-1"]
[WhiteElo "2337"]
[BlackElo "2352"]

1.e4 c5 2.Nf3 d6 3.d4 cxd4 4.Nxd4 Nf6 5.Nc3 Nc6 6.Bg5 a6 7.Qd2 Qb6 8.Nb3 e6
9.Be2 Qc7 10.Bxf6 gxf6 11.f4 b5 12.Bh5 Na5 13.Nxa5 Qxa5 14.f5 b4 15.Ne2 Bb7
16.Ng3 e5 17.Bf3 Qc5 18.Nh5 Be7 19.Rc1 h6 20.c4 Bd8 21.b3 Ke7 22.Rd1 Bb6
23.Kf1 a5 24.g3 Qd4 25.Qc2 Qc3 26.Qxc3 bxc3 27.Ke2 a4 28.Kd3 axb3 29.axb3 Ra2
30.Kxc3 Rha8 31.h3 R8a3 32.Rb1 Ba5+ 33.Kd3 Rd2+ 34.Ke3 Raa2 35.c5 Bc3 36.cxd6+ Kxd6
37.Bd1 Bd4+  0-1

[Event "2nd Novak Nikolic mem"]
[Site "Belgrade YUG"]
[Date "2000.02.08"]
[Round "6"]
[White "Govedarica,R"]
[Black "Damljanovic,B"]
[Result "0-1"]
[WhiteElo "2483"]
[BlackElo "2534"]

1.e4 c5 2.Nf3 d6 3.d4 cxd4 4.Nxd4 Nf6 5.Nc3 Nc6 6.Bg5 e6 7.Qd2 a6 8.O-O-O Bd7
9.f4 b5 10.Bxf6 gxf6 11.Kb1 Qb6 12.Nf3 O-O-O 13.g3 Kb8 14.f5 Bc8 15.fxe6 fxe6
16.Bh3 Bg7 17.Ne2 d5 18.Qd3 dxe4 19.Qxe4 f5 20.Qf4+ Qc7 21.Qxc7+ Kxc7 22.Nf4 Rxd1+
23.Rxd1 Rd8 24.Rxd8 Kxd8 25.Nh5 Ne5 26.Nd4 Bh6 27.Bg2 Ke7 28.Nf4 Ng4 29.h4 Ne3
30.Nde2 Nxg2 31.Nxg2 e5 32.Ne1 Bb7 33.Nd3 Kd6 34.a4 bxa4 35.Nc3 Bc6 36.Nb4 Bd2
37.Nxc6 Kxc6 38.Ne2 Kd5 39.c3 Ke4 40.Kc2 Be3 41.c4 Bc5 42.Nc3+ Kd4  0-1

[Event "2nd Novak Nikolic mem"]
[Site "Belgrade YUG"]
[Date "2000.02.09"]
[Round "7"]
[White "Pikula,D"]
[Black "Sherbakov,R"]
[Result "1/2-1/2"]
[WhiteElo "2476"]
[BlackElo "2552"]

1.e4 c5 2.Nf3 Nc6 3.d4 cxd4 4.Nxd4 Nf6 5.Nc3 d6 6.Bg5 e6 7.Qd2 Be7 8.O-O-O O-O
9.f4 Nxd4 10.Qxd4 Qa5 11.Kb1  1/2-1/2

[Event "FSIMA February"]
[Site "Budapest HUN"]
[Date "2000.02.09"]
[Round "5"]
[White "Rajlich,V"]
[Black "Dembo,Y"]
[Result "1/2-1/2"]
[WhiteElo "2309"]
[BlackElo "2269"]

1.e4 c5 2.Nf3 Nc6 3.d4 cxd4 4.Nxd4 Nf6 5.Nc3 d6 6.Bg5 e6 7.Qd2 Be7 8.O-O-O O-O
9.f4 Nxd4 10.Qxd4 Qa5 11.Bc4 Bd7 12.e5 dxe5 13.fxe5 Bc6 14.Bd2 Nd7 15.Nd5 Qd8
16.Nxe7+ Qxe7 17.Rhe1 Rfd8 18.Qg4 Nf8 19.Bd3 Rd5 20.Bb4 Qd8 21.h4 Ng6 22.h5 Qh4
23.Qxh4 Nxh4 24.c4 Rd7 25.g3 Nf3 26.Re3 Ng5 27.Bc2 Rxd1+ 28.Bxd1 f6 29.Bc3 Ne4
30.exf6 gxf6 31.Be1 Rc8 32.b4 Bd5 33.Be2 Bxc4 34.Kb2 Bd5 35.Bf3 f5 36.Bxe4 Bxe4
37.Rc3 Rxc3 38.Kxc3 Kf7 39.Kd4 Kf6 40.Bd2 e5+ 41.Kc5 Ke6 42.a4 Bc2 43.a5 a6
44.h6 Bd1 45.Be3 Bf3 46.Bd2 Bc6 47.Be3 Be8 48.Bd2 Bc6  1/2-1/2

[Event "Goodricke Open"]
[Site "Calcutta IND"]
[Date "2000.02.10"]
[Round "5"]
[White "Yurtaev,L"]
[Black "Aarthie,R"]
[Result "1/2-1/2"]
[WhiteElo "2536"]
[BlackElo "2219"]

1.e4 c5 2.Nf3 Nc6 3.d4 cxd4 4.Nxd4 Nf6 5.Nc3 d6 6.Bg5 e6 7.Qd3 Be7 8.O-O-O Nxd4
9.Qxd4 a6 10.f4 b5 11.Be2 Bb7 12.Bf3 Rc8 13.e5 Bxf3 14.exf6 gxf6 15.gxf3 Rc4
16.Qa7 fxg5 17.f5 Qc8 18.Rhe1 Bf6 19.fxe6 fxe6 20.Rxd6 O-O 21.Rexe6 Bd4 22.Qe7 Rxc3
23.bxc3 Qxc3 24.Rc6 Be3+ 25.Rxe3 Qxc6 26.Qxg5+ Qg6 27.Qd5+ Kh8 28.Qe5+ Qf6
29.f4 Qxe5 30.fxe5 Rf1+ 31.Kb2 Kg7 32.Ra3 Re1 33.Rxa6 Rxe5 34.a4 bxa4 35.Rxa4 Re2
36.h4 Kf6 37.Ra6+ Kg7 38.Kb3 Rh2 39.Ra4 Kf6 40.c3 h5 41.Rd4 Rh3 42.Kb4 Ke5
43.Rc4 Kd6 44.Kb5 Kd5 45.Rd4+ Ke5 46.Kb4 Rg3 47.Rc4 Kd6 48.Kb5 Rh3 49.Kb6 Kd5
50.Rc5+ Kd6 51.c4 Rxh4 52.Rc8 Ke5 53.c5 Kf5 54.Rf8+ Kg5 55.Rg8+ Kf5 56.c6 Rc4
57.c7 h4 58.c8=Q+ Rxc8 59.Rxc8 Kg4  1/2-1/2

[Event "Goodricke Open"]
[Site "Calcutta IND"]
[Date "2000.02.10"]
[Round "5"]
[White "Shetty,R"]
[Black "Murugan,K"]
[Result "1-0"]
[WhiteElo "2307"]
[BlackElo "2382"]

1.e4 c5 2.Nf3 Nc6 3.d4 cxd4 4.Nxd4 Nf6 5.Nc3 d6 6.Bg5 e6 7.Qd2 a6 8.O-O-O Bd7
9.f4 b5 10.Bxf6 gxf6 11.Kb1 Qb6 12.Nxc6 Bxc6 13.Bd3 b4 14.Ne2 a5 15.f5 e5
16.g4 Rg8 17.h3 a4 18.Ng3 Qc5 19.Qe2 Bh6 20.Rhe1 Ke7 21.Bc4 Rgc8 22.h4 a3
23.g5 Bf8 24.gxf6+ Ke8 25.b3 Ra7 26.Nh5 Kd8 27.Rd3 Kc7 28.Bxf7 Bb5 29.Bc4 Bxc4
30.bxc4 Qxc4 31.Ng7 Kb8 32.Ne6 Bh6 33.Rb3 Rf7 34.c3 Qxe2 35.Rxe2 Rxc3 36.Rxb4+ Ka7
37.Rc2 Rd3 38.Rcc4 d5 39.Ra4+ Kb6 40.Rcb4+  1-0

[Event "Petroff Mem Open"]
[Site "St Petersburg RUS"]
[Date "2000.02.10"]
[Round "4"]
[White "Aseev,K"]
[Black "Bu Xiangzhi"]
[Result "0-1"]
[WhiteElo "2517"]
[BlackElo "2565"]

1.e4 c5 2.Nf3 Nc6 3.d4 cxd4 4.Nxd4 Nf6 5.Nc3 d6 6.Bg5 e6 7.Qd2 a6 8.O-O-O h6
9.Be3 Qc7 10.f4 Bd7 11.h3 b5 12.Bd3 Na5 13.Qe1 Nc4 14.Bf2 b4 15.Nce2 a5 16.g4 g5
17.fxg5 hxg5 18.Nf3 Rb8 19.Ned4 a4 20.Kb1 Rg8 21.Rf1 Be7 22.Bg3 e5 23.Nf5 Bxf5
24.gxf5 b3 25.cxb3 axb3 26.Qc3 Na3+ 27.Kc1 Qxc3+ 28.bxc3 bxa2  0-1

[Event "Goodricke Open"]
[Site "Calcutta IND"]
[Date "2000.02.11"]
[Round "6"]
[White "Goloshchapov,A"]
[Black "Bakre,T"]
[Result "1/2-1/2"]
[WhiteElo "2561"]
[BlackElo "2352"]

1.e4 c5 2.Nf3 d6 3.d4 cxd4 4.Nxd4 Nf6 5.Nc3 Nc6 6.Bg5 e6 7.Qd2 a6 8.O-O-O Bd7
9.f4 b5 10.Bxf6 gxf6 11.Kb1 Qb6 12.Nxc6 Bxc6 13.Qe1 Be7 14.Bd3 h5 15.Rd2 Qc5
16.f5 a5 17.fxe6 fxe6 18.Rf1 Rg8 19.g3 a4 20.Qf2 Rb8  1/2-1/2

[Event "2nd Novak Nikolic mem"]
[Site "Belgrade YUG"]
[Date "2000.02.12"]
[Round "10"]
[White "Solak,D"]
[Black "Sherbakov,R"]
[Result "1/2-1/2"]
[WhiteElo "2515"]
[BlackElo "2552"]

1.e4 c5 2.Nf3 Nc6 3.d4 cxd4 4.Nxd4 Nf6 5.Nc3 d6 6.Bg5 e6 7.Qd2 Be7 8.O-O-O O-O
9.f4 Nxd4 10.Qxd4 Qa5 11.e5 dxe5 12.Qxe5 Qxe5 13.fxe5 Nd5 14.Bxe7 Nxe7 15.Bd3 b6
16.Rhe1 Bb7 17.Bxh7+ Kxh7 18.Rd7 Bxg2 19.Rxe7 a5 20.Rg1 Bc6 21.Rf1 Kg6 22.Rg1+ Kh6
23.Rf1 Kg6 24.Rg1+ Kh6 25.Rf1  1/2-1/2

[Event "8th Valle d'Aosta Open"]
[Site "Saint Vincent ITA"]
[Date "2000.02.14"]
[Round "3"]
[White "Mrdja,M"]
[Black "Pantaleoni,C"]
[Result "1-0"]
[WhiteElo "2425"]
[BlackElo "2203"]

1.e4 c5 2.Nf3 d6 3.d4 cxd4 4.Nxd4 Nf6 5.Nc3 Nc6 6.Bg5 e6 7.Qd2 a6 8.O-O-O Bd7
9.f3 Rc8 10.Kb1 Be7 11.h4 h5 12.Nxc6 Rxc6 13.Ne2 b5 14.Nf4 Rc8 15.Bd3 Bc6
16.Qe1 Qb6 17.Qg3 b4 18.Rhe1 e5 19.Nh3 Kf8 20.Nf2 a5 21.Rd2 Ng8 22.Bc4 Bxg5
23.hxg5 Ne7 24.b3 Rd8 25.Red1 Ng6 26.Nd3 h4 27.Qe1 Rh5 28.Nb2 Rxg5 29.Bf1 Qc5
30.Nc4 Nf4 31.Qxh4 f6 32.Nxd6 Rh5 33.Qe1 Rh1 34.Nf5 Rxd2 35.Qxd2 Ne6 36.Bc4 Rxd1+
37.Qxd1 Nd4 38.Qh1 Ke8 39.Qh8+  1-0

[Event "16th open"]
[Site "Cappelle La Grande FRA"]
[Date "2000.02.20"]
[Round "2"]
[White "Luther,T"]
[Black "Lerner,K"]
[Result "1-0"]
[WhiteElo "2509"]
[BlackElo "2575"]

1.e4 c5 2.Nf3 d6 3.d4 cxd4 4.Nxd4 Nf6 5.Nc3 Nc6 6.Bg5 e6 7.Qd2 a6 8.O-O-O Nxd4
9.Qxd4 Be7 10.h4 h6 11.Be3 b5 12.f3 Bb7 13.Qd2 Rc8 14.Kb1 d5 15.e5 Nd7 16.f4 Nc5
17.Qe1 Qc7 18.Ne2 Ne4 19.Nd4 b4 20.Bd3 Bc5 21.Nb3 Bxe3 22.Qxe3 O-O 23.Nd4 a5
24.g4 Qb6 25.f5 exf5 26.gxf5 Rfe8 27.e6 fxe6 28.Bxe4 exf5 29.Rhg1 Qf6 30.Nxf5 Rxe4
31.Qg3 Kh8 32.Nd6 Re3 33.Qxe3 Qxd6 34.Qd4 Rc7 35.Rde1 Qc6 36.Re2 Bc8 37.Qe5 Bh3
38.Qe8+ Qxe8 39.Rxe8+ Kh7 40.Re5  1-0

[Event "ch-Serbia"]
[Site "Kragujevac YUG"]
[Date "2000.02.20"]
[Round "2"]
[White "Perunovic,Mio"]
[Black "Ostojic,N"]
[Result "1/2-1/2"]
[WhiteElo "2256"]
[BlackElo "2419"]

1.e4 c5 2.Nf3 d6 3.d4 cxd4 4.Nxd4 Nf6 5.Nc3 Nc6 6.Bg5 e6 7.Qd2 Qb6 8.Nb3 a6
9.Be2 Qc7 10.f4 Be7 11.O-O-O Bd7 12.Bf3 h6 13.Bh4 g5 14.fxg5 Nh7 15.Kb1 hxg5
16.Bg3 Ne5 17.Nd4 Nf8 18.Be2 Nfg6 19.Nf3 f6 20.Qe3 b5 21.Rd4 Qc5 22.Qd2 Nf4
23.Bxf4 gxf4 24.Nxe5 fxe5 25.Rd3 Bc6 26.Bf3 b4 27.Ne2 Rd8 28.Qe1 d5 29.Nc1  1/2-1/2

[Event "Open"]
[Site "Cannes FRA"]
[Date "2000.02.21"]
[Round "2"]
[White "Lamorelle,J"]
[Black "Weindl,A"]
[Result "0-1"]
[WhiteElo "2192"]
[BlackElo "2367"]

1.e4 c5 2.Nf3 Nc6 3.d4 cxd4 4.Nxd4 Nf6 5.Nc3 d6 6.Bg5 Bd7 7.Be2 Qa5 8.Bxf6 gxf6
9.O-O Nxd4 10.Qxd4 Rc8 11.a4 Qc5 12.Qd2 a6 13.Nd5 Qxc2 14.Qe3 Qc5 15.Qf4 Qd4
16.Rfd1 Qe5 17.Qe3 f5 18.Qb6 Bg7 19.Qxb7 Qxb2 20.Nb6 O-O 21.Qxd7 Qxb6 22.Rab1 Qc6
23.Qxf5 Qxa4 24.Bd3 e6 25.Qh5 Rc5 26.Qe2 a5 27.Bb5 Qa3 28.h4 Rfc8 29.Rd3 Rc1+
30.Rxc1 Rxc1+ 31.Kh2 Qa1 32.Qg4 Rh1+ 33.Kg3 Qe5+  0-1

[Event "16th open"]
[Site "Cappelle La Grande FRA"]
[Date "2000.02.21"]
[Round "3"]
[White "Nataf,IA"]
[Black "Te Llalemand,R"]
[Result "0-1"]
[WhiteElo "2529"]
[BlackElo "2340"]

1.e4 c5 2.Nf3 Nc6 3.d4 cxd4 4.Nxd4 Nf6 5.Nc3 d6 6.Bg5 e6 7.Qd2 a6 8.O-O-O h6
9.Nxc6 bxc6 10.Bf4 d5 11.Qe3 Be7 12.Be2 Qa5 13.Qg3 dxe4 14.Qxg7 Rg8 15.Qxh6 Qf5
16.Bd6 Nd5 17.Bxe7 Nxc3 18.bxc3 Kxe7 19.Qh4+ Qg5+ 20.Qxg5+ Rxg5 21.g3 Ra5
22.Kb2 e5 23.Bc4 Rb8+ 24.Bb3 Bg4 25.Rd2 Rd5 26.Kc1 Rxd2 27.Kxd2 Bf3 28.Re1 f5
29.Bc4 a5 30.Be2 Kf6 31.Bxf3 exf3 32.Re3 e4 33.g4 Rh8 34.gxf5 Kxf5 35.Re1 Kf4
36.Rh1 Rd8+ 37.Kc1 e3 38.fxe3+ Ke4 39.Rd1 f2 40.Rxd8 f1=Q+ 41.Rd1 Qf8 42.Rd3 c5
43.c4 Qh8 44.Ra3 Qa1+ 45.Kd2 Qb1 46.Ra4 Qb6 47.Ra3 Qb4+ 48.Rc3 Qb1 49.Ra3 Qb2
50.Ra4 Qf6 51.Ra3 Qf2+ 52.Kc1 Qe1+ 53.Kb2 Qb4+ 54.Rb3 Qxc4 55.Rc3 Qe6 56.Rb3 Qe5+
57.Ka3 c4 58.Rb7 Qc3+ 59.Ka4 Qxc2+ 60.Kxa5 Qxa2+ 61.Kb5 Qb3+ 62.Kc6 Qxb7+  0-1

[Event "16th open"]
[Site "Cappelle La Grande FRA"]
[Date "2000.02.21"]
[Round "3"]
[White "Paehtz,E"]
[Black "Aseev,K"]
[Result "0-1"]
[WhiteElo "2306"]
[BlackElo "2517"]

1.e4 c5 2.Nf3 d6 3.d4 cxd4 4.Nxd4 Nf6 5.Nc3 Nc6 6.Bg5 e6 7.Qd2 a6 8.O-O-O Bd7
9.f3 Rc8 10.h4 Be7 11.Kb1 b5 12.Nxc6 Bxc6 13.Ne2 O-O 14.Nd4 Bb7 15.Bd3 Nd7
16.Bxe7 Qxe7 17.h5 h6 18.f4 Nc5 19.Qe3 Rc7 20.Rhg1 Qf6 21.Nf3 e5 22.f5 d5
23.exd5 e4 24.Bxe4 Re8 25.Qf4 Rce7 26.Bd3 Bxd5 27.Qd4 Qxd4 28.Nxd4 Nxd3 29.cxd3 Rd8
30.b3 Re3 31.f6 Rxd3 32.Rxd3 Be4 33.Kb2 Bxd3 34.Nc6 Re8 35.fxg7 Re2+ 36.Kc3 Be4
37.Nd4 Rxa2 38.Re1 Bh7 39.Kb4 Kxg7 40.g3 Rg2 41.Re3 Ra2 42.Kc5 Rh2 43.Kb6 Rxh5
44.Kxa6 Rd5 45.Nc6 Rd3 46.Rxd3 Bxd3 47.Nd4 f5 48.Nxb5 h5 49.b4 f4  0-1

[Event "ch-Serbia"]
[Site "Kragujevac YUG"]
[Date "2000.02.22"]
[Round "4"]
[White "Savicevic,V"]
[Black "Vuckovic,Bo"]
[Result "1/2-1/2"]
[WhiteElo "2415"]
[BlackElo "2427"]

1.e4 c5 2.Nf3 d6 3.d4 cxd4 4.Nxd4 Nf6 5.Nc3 Nc6 6.Bg5 e6 7.Qd2 a6 8.O-O-O Be7
9.Bxf6 gxf6 10.f4 Nxd4 11.Qxd4 b5 12.e5 d5 13.Kb1 Rg8 14.Be2 Bd7 15.Bh5 Kf8
16.f5 fxe5 17.Qxe5 Bf6 18.Qe3 Kg7 19.Rhe1 Qc8 20.g4 Rf8 21.fxe6 fxe6 22.g5 Bxc3
23.bxc3 Qc7 24.Qd4+ Kg8 25.g6 Qf4 26.gxh7+ Kxh7 27.Qd3+ Kh8 28.Rf1 Qh6 29.Bf7 Rac8
30.Qd4+ Qg7 31.Qh4+ Qh7 32.Qf6+ Qg7 33.Qh4+ Qh7 34.Qf6+ Qg7 35.Qh4+  1/2-1/2

[Event "Open"]
[Site "Cannes FRA"]
[Date "2000.02.23"]
[Round "4"]
[White "Ricci,M"]
[Black "Plachkinova,T"]
[Result "0-1"]
[WhiteElo "2162"]
[BlackElo "2071"]

1.e4 c5 2.Nf3 Nc6 3.d4 cxd4 4.Nxd4 Nf6 5.Nc3 d6 6.Bg5 e6 7.Qd2 Be7 8.f3 Nxd4
9.Qxd4 O-O 10.Bc4 a6 11.a4 b6 12.Qd2 Qc7 13.Bb3 h6 14.Bf4 Nd7 15.O-O Ne5
16.Rfd1 Rd8 17.Be3 Rb8 18.Qf2 Bd7 19.h3 b5 20.axb5 axb5 21.Ra7 Rb7 22.Ra6 Nc4
23.Bxc4 Qxc4 24.Rd4 Qc7 25.Rd2 b4 26.Ne2 Qc4 27.Ra1 e5 28.Ng3 Be6 29.Qf1 Rc8
30.Qxc4 Rxc4 31.Nf1 Rbc7 32.Ra7 f5 33.Rxc7 Rxc7 34.Kf2 Rc4 35.b3 Rc3 36.Ke2 Bc8
37.Bb6 Ba6+ 38.Kf2 fxe4 39.fxe4 Rc6 40.Be3 d5 41.Ke1 d4 42.Bg1 Bg5 43.Rf2 d3
44.cxd3 Bxd3 45.Re2 Bxe2 46.Kxe2 Rc2+ 47.Kf3 Rc3+ 48.Kg4 Rxb3 49.Bc5 Rb2
50.g3 b3 51.h4 Rc2 52.Be3 Be7  0-1